000 00532nam a2200181 i 4500
001 27334
003 ES-MaACL
005 20230906153610.0
007 t|
008 030114s1929 fi ||||1| eng d
245 0 0 _aAtlas of Finland
_b: 1925.
260 _aHelsinki :
_bHelsingfors Kustannuson Keyhtro,
_c1929.
300 _a2 v. ;
_c46 cm.
500 _aThe Geographical Society of Finland.
651 4 _aFinlandia-
_xGeografĂ­a.
_9145594
710 2 _aThe Geographical Society of Finland.
_96952
852 _aES-MaACL
_jB-7317-18
999 _c27334
_d27334